MARC details
| 000 -LEADER |
| fixed length control field |
02221nam a22003497a 4500 |
| 001 - CONTROL NUMBER |
| control field |
5529353c-28f1-4a2d-8a81-564dd6d00f8e |
| 003 - CONTROL NUMBER IDENTIFIER |
| control field |
KnowledgeUnlatched |
| 005 - DATE AND TIME OF LATEST TRANSACTION |
| control field |
20210303104704.0 |
| 006 - FIXED-LENGTH DATA ELEMENTS--ADDITIONAL MATERIAL CHARACTERISTICS |
| fixed length control field |
m o d |
| 007 - PHYSICAL DESCRIPTION FIXED FIELD--GENERAL INFORMATION |
| fixed length control field |
cr u|||||||||| |
| 008 - FIXED-LENGTH DATA ELEMENTS--GENERAL INFORMATION |
| fixed length control field |
210129p20202020xx o u00| u ger d |
| 037 ## - SOURCE OF ACQUISITION |
| Institution to which field applies |
BiblioBoard |
| 020 ## - INTERNATIONAL STANDARD BOOK NUMBER |
| International Standard Book Number |
9783593444413 |
| 024 8# - OTHER STANDARD IDENTIFIER |
| Standard number or code |
https://doi.org/10.12907/978-3-593-44441-3 |
| 029 1# - OTHER SYSTEM CONTROL NUMBER (OCLC) |
| OCLC library identifier |
https://library.biblioboard.com/ext/api/media/5529353c-28f1-4a2d-8a81-564dd6d00f8e/assets/thumbnail.jpg |
| 040 ## - CATALOGING SOURCE |
| Original cataloging agency |
ScCtBLL |
| Transcribing agency |
ScCtBLL |
| 100 1# - MAIN ENTRY--PERSONAL NAME |
| Personal name |
Wimbauer, Christine |
| Relator term |
author. |
| 245 00 - TITLE STATEMENT |
| Title |
Prekäre Arbeit, prekäre Liebe |
| Remainder of title |
Über Anerkennung und unsichere Lebensverhältnisse / |
| Statement of responsibility, etc. |
Christine Wimbauer, Mona Motakef. |
| 264 #1 - PRODUCTION, PUBLICATION, DISTRIBUTION, MANUFACTURE, AND COPYRIGHT NOTICE |
| Name of producer, publisher, distributor, manufacturer |
Campus Verlag, |
| 300 ## - PHYSICAL DESCRIPTION |
| Extent |
1 online resource (420 p.) |
| 506 0# - RESTRICTIONS ON ACCESS NOTE |
| Terms governing access |
Access copy available to the general public. |
| Standardized terminology for access restriction |
Unrestricted |
| Source of term |
star |
| 520 ## - SUMMARY, ETC. |
| Summary, etc. |
Erwerbsarbeit und Paarbeziehungen sind wichtige Quellen für Anerkennung. Doch was geschieht, wenn Arbeit prekär wird? Wie wirken sich unsichere Arbeitsverhältnisse und Anerkennungsdefizite auf die Liebe aus, auf Beziehungen und auf die Lebenszusammenhänge der Menschen überhaupt? Welche Ungleichheiten zwischen den Geschlechtern werden sichtbar?Das Buch zeichnet anhand von Interviews eindrücklich nach, welch destruktives Potenzial prekäre Erwerbsarbeit entfalten kann und was das für die Einzelnen, für Paare und für die Gesellschaft bedeutet. Außerdem entwickeln die Autorinnen Vorschläge, wie sich auf prekäre Beschäftigung, Geschlechterungleichheiten sowie auf Anerkennungsbedürftigkeit und Verletzbarkeit reagieren lässt. |
| 588 0# - SOURCE OF DESCRIPTION NOTE |
| Source of description note |
Description based on print version record. |
| 590 ## - LOCAL NOTE (RLIN) |
| Local note |
KU Open Services |
| 655 #0 - INDEX TERM--GENRE/FORM |
| Genre/form data or focus term |
Electronic books. |
| 700 1# - ADDED ENTRY--PERSONAL NAME |
| Personal name |
Motakef, Mona |
| Relator term |
author. |
| 758 ## - |
| -- |
Is found in: |
| -- |
Knowledge Unlatched |
| -- |
https://openresearchlibrary.org/module/2774bc74-146a-484f-a7ba-ab1d6a09bbfb |
| 856 40 - ELECTRONIC LOCATION AND ACCESS |
| Uniform Resource Identifier |
<a href="https://openresearchlibrary.org/content/5529353c-28f1-4a2d-8a81-564dd6d00f8e">https://openresearchlibrary.org/content/5529353c-28f1-4a2d-8a81-564dd6d00f8e</a> |
| Public note |
View this content on Open Research Library. |
| -- |
0 |